000 00301nam a22001337a 4500
008 170612b xxu||||| |||| 00| 0 eng d
020 _a0534007805
041 _aeng
080 _a32
100 _a19
101 _aSHP
245 _aSOCIAL RESEARCH FOR POLICY DECISIONS
_cMOTS, A.B
942 _2udc
_cBK
999 _c16971
_d16971